| 000 | 00537nam a22001937a 4500 | ||
|---|---|---|---|
| 003 | CEME | ||
| 005 | 20210628203240.0 | ||
| 008 | 210203b xxu||||| |||| 00| 0 eng d | ||
| 020 | _a9780170182393 | ||
| 040 | _c. | ||
| 082 | _a370.71 EME | ||
| 100 |
_aEmerson, Lisa _964269 |
||
| 245 | _aWriting guidelines for business students | ||
| 250 | _a4TH | ||
| 260 |
_aNEW YORK _bCENGAGE LEARNING _c2005 |
||
| 300 | _aVI,128P | ||
| 650 |
_aREPORT WRITING, STUDY SKILLS , WRITING GUIDELINES FOR BUSINESS STUDENTS _964270 |
||
| 942 |
_cBK _2ddc |
||
| 999 |
_c572820 _d572820 |
||